000 00810nam a22002417a 4500
005 20170124110202.0
010 _aB-006907
020 _c00.00
_a0074638947
035 _aB-006907
037 _bCen Lib/Ret
040 _aDPL
_bEN
082 _a005.74068
_bCHI
100 _aChitra Sivakumar
_936406
245 _aManagement of information services /
_cby Chitra Sivakumar [and] K S Babai
260 _aNew Delhi
_bTata McGraw-Hill Publishing Company
_c2000
270 _a7 West Patel Nagar
_bNew Delhi
_e110008
300 _axiv,295p. :
_c24cm(Hb)
_bill.
500 _aIncludes bibliographical references and index
650 _aInformation services -- Management
_934145
650 _aInformation services
_93087
700 _aBabai, K S
_936407
942 _2ddc
_cEN
_h005.74068
_mCHI
999 _c132985
_d132985